Statistics for Indiana Pacers NBA Playoffs Leaders Per Year

Click here to take the quiz!

General Stats

  • This quiz has been taken 146 times
    (64 since last reset)
  • The average score is 16 of 48

Answer Stats

Player % Correct
Reggie Miller
96%
Brad Miller
96%
Victor Oladipo
94%
Paul George
91%
Myles Turner
77%
Roy Hibbert
70%
Domantas Sabonis
66%
Danny Granger
64%
Jermaine O'Neal
62%
Mark Jackson
62%
Ron Artest
62%
Stephen Jackson
62%
Rik Smits
60%
Bojan Bogdanovic
42%
Anthony Johnson
40%
Clemon Johnson
40%
Darren Collison
40%
Dale Davis
38%
Antonio Davis
38%
Thaddeus Young
38%
Johnny Davis
38%
Lance Stephenson
36%
Micheal Williams
30%
Jalen Rose
28%
Fred Jones
28%
Detlef Schrempf
25%
Chuck Person
21%
Roger Brown
21%
George McGinnis
19%
Mel Daniels
19%
Monta Ellis
17%
Jamaal Tinsley
17%
Billy Knight
17%
Vern Fleming
9%
LaSalle Thompson
8%
Travis Best
6%
Steve Stipanovich
6%
Derrick McKey
6%
Don Buse
4%
Freddie Lewis
4%
Bill Keller
2%
Ricky Pierce
2%
Haywoode Workman
2%
Len Elmore
0%
Darnell Hillman
0%
Louis Orr
0%
John Long
0%
George Peeples
0%

Score Distribution

Percentile by Number Answered

Percent of People with Each Score

Your Score History

You have not taken this quiz since the last reset